000 00346nam a2200133Ia 4500
008 210210b1984 xxu||||| |||| 00| 0 eng d
082 _a158 IRAM
100 _aIRALA (Narciso).
245 _aMental efficiency without fatigue.
260 _aBombay
_bBetter yourself books
_c1984
300 _a150
690 _aApplied Psychology
906 _a037087
999 _c87176
_d87176